000 01043nam a2200265Ia 4500
003 OSt
005 20221005112414.0
006 a|||||r|||| 00| 0
007 ta
008 221004b |||||||| |||| 00| 0 pan d
020 _a9788178837123 (hbk)
_c220
024 _a117093
037 _b579, 04/02/2012, H.K. Prakashan
_cTextual
040 _aCRL
_cCRL
_bpan
041 _2pan
_apan
082 _aQ8441:21:g, 153Q0
100 _aਸਿੱਧੂ, ਗੁਰੂਮੇਲ ਸਿੰਘ
245 0 _aਆਦਿ ਗ੍ਰੰਥ ਤੋ੍ਵ ਦਸਮ ਗ੍ਰੰਥ ਤੱਕ
_b ਅਕਾਦਮਿਕ ਵਿਲੇਣ
260 _aਕੈਲੀਫੋਰੀਆ
_bਪੰਜਾਬੁੀ ਸਾਹਿਤ ਪਬਲੀਕੇਨ ਟਰੱਸਟ ਅਮਰੀਕਾ਼
_c2010
300 _a173ਪੰ
_ccm.
650 _a ਧOਰੁ Fਸੱਢ
650 _aਧਰਮ
942 _hQ8441:21:g, 153Q0
_cTEXL
_2cc
999 _c1024786
_d1024786